| 000 | 01325nam a22003735a 4500 | ||
|---|---|---|---|
| 001 | 016199694 | ||
| 003 | EG-ScBUE | ||
| 005 | 20220525124411.0 | ||
| 006 | m||||f ||z 00| 0 | ||
| 008 | 121023r20152013enka f 000 0 eng d | ||
| 020 | _a9781447936930 | ||
| 020 | _a9781447906612 (CD) | ||
| 040 |
_aStDuBDS _beng _erda _cStDuBDS _dEG-ScBUE _dEG-ScBUE |
||
| 082 | 0 | 4 |
_a428.240712 _bGRE _222 |
| 100 | 1 |
_aGreene, Stephen, _eauthor. _938620 |
|
| 245 | 1 | 0 |
_aCutting edge, _pPre-intermediate, _pTeacher's resource book with resource disc / _cStephen Greene, Sarah Cunningham, Peter Moor. |
| 250 |
_aThird edition, _bThird impression. |
||
| 264 | 1 |
_aHarlow, England : _bPearson Education Limited, _c2015. |
|
| 300 |
_a103 pages : _billustrations ; _c30 cm + _e1 DVD |
||
| 336 |
_2rdacontent _atext _btxt |
||
| 336 |
_2rdacontent _aspoken word _bspw |
||
| 337 |
_2rdamedia _aunmediated _bn |
||
| 337 |
_2rdamedia _avideo _bv |
||
| 338 |
_2rdacarrier _avolume _bnc |
||
| 338 |
_2rdacarrier _avideodisc _bvd |
||
| 650 | 7 |
_aEnglish language _xStudy and teaching (Secondary) _xForeign speakers. _2BUEsh _97782 |
|
| 651 | _2BUEsh | ||
| 653 |
_cAugust 2016 _bNNUR |
||
| 653 |
_cOctober2016 _bNNUR _bHHUUEENN |
||
| 655 |
_vText book _933728 |
||
| 700 | 1 |
_aCunningham, Sarah, _eauthor. |
|
| 700 | 1 |
_aMoor, Peter, _eauthor. |
|
| 942 |
_2ddc _cTR |
||
| 999 |
_c22208 _d22180 |
||